000 00666nam a2200265Ia 4500
005 20260121170653.0
008 008 260114s9999 xx 000 0 eng d
020 _a9783319925882
037 _aEBOOK
040 _aCRL
040 _beng
040 _cCRL
041 _2eng
041 _aeng
084 _qCRL
100 _aMurray J. Leaf
_91066739
245 3 _aAn Anthropology of Academic Governance and Institutional Democracy
260 _bSpringer
260 _bSpringer
260 _c2019
856 _uhttps://link.springer.com/openurl?genre=book&isbn=978-3-319-92588-2
942 _cEBOOK
999 _c1632469
_d1632469